Mestská knižnica a verejné priestranstvo, areál bývalého cukrovaru, Břeclav

Gespeichert in:
Bibliographische Detailangaben
1. Verfasser: Ďurica, Dominik (Verfasst von)
Weitere Verfasser: Borecká, Eva (Betreuung Doktorarbeit)
Format: Manuskript Buch
Sprache:Slowakisch
Veröffentlicht: 2024
Schlagworte:
Online-Zugang:http://is.stuba.sk/zp/portal_zp.pl?podrobnosti=178397
https://opac.crzp.sk/?fn=detailBiblioForm&sid=24A0BAF10DE628094772EA51EC40
Tags: Tag hinzufügen
Keine Tags, Fügen Sie das erste Tag hinzu!

MARC

LEADER 00000ntm a22000003a 4500
001 stuzp97911
003 SK-STU
005 20240919140608.8
007 ta
008 150427s2015----xo-----f-mn---000-0-slo-d
040 |a STU  |b slo 
041 0 |a slo 
100 1 |a Ďurica, Dominik  |u 010310  |4 aut  |U SvF Stavebná fakulta  |T SvF Katedra architektúry  |X 97667  |U V181|V310  |Y 19  |7 97667 
242 0 1 |a Conversion of a former sugar factory into a library, Břeclav  |y eng 
245 1 0 |a Mestská knižnica a verejné priestranstvo, areál bývalého cukrovaru, Břeclav 
260 |c 2024 
650 4 |a konverzia  |2 slo 
650 4 |a archív  |2 slo 
650 4 |a knižnica  |2 slo 
650 4 |a Břeclav  |2 slo 
650 4 |a conversion  |2 eng 
650 4 |a archive  |2 eng 
650 4 |a Břeclav  |2 eng 
650 4 |a library  |2 eng 
700 1 |a Borecká, Eva  |u 010310  |k Z1  |4 ths  |U SvF Stavebná fakulta  |T SvF Katedra architektúry  |X 53660  |U V181|V310  |Y 19  |7 A000053660 
856 4 |u http://is.stuba.sk/zp/portal_zp.pl?podrobnosti=178397 
856 4 |u https://opac.crzp.sk/?fn=detailBiblioForm&sid=24A0BAF10DE628094772EA51EC40